| 000 | 00767nam a22002057a 4500 | ||
|---|---|---|---|
| 999 |
_c15760 _d15760 |
||
| 003 | AR-CdUCM | ||
| 008 | 190409b ||||| |||| 00| 0 spa d | ||
| 040 |
_aMUNICIPALIDAD PROVINCIAL DEL CUSCO _cBIBLIOTECA MUNICIPAL DEL CUSCO |
||
| 082 |
_aC / 985.612 / _bS22 |
||
| 110 |
_aMinisterio de Educación Publica _96342 |
||
| 245 | _aRevista Saqsaywaman / | ||
| 260 |
_aCusco : _bEdi. Garcilaso, _c1970. |
||
| 300 |
_a192 páginas ; _bMapa plegable, cuentas plegables _c23 cm. |
||
| 505 | _aContenido : El plan de trabajo -- Trabajo de limpieza y consolidación, estudios e investigación ... | ||
| 650 |
_aHistoria del cusco _91714 |
||
| 650 |
_aPlanos de Saqsaywaman _930666 |
||
| 650 |
_aÉpoca pre-inca _930667 |
||
| 942 |
_2ddc _cLIBROS |
||
| 945 |
_arah _d29/04/2019 |
||